Wie liest man den Handelsteil einer Tageszeitung?

Saved in:
Bibliographic Details
Format: Book
Language:German
Published: Frankfurt Frankfurter Societäts-Druckerei 1930
Tags: Add Tag
No Tags, Be the first to tag this record!

MARC

LEADER 00000nam a2200000 4500
001 0307705
005 20250318122031.8
041 0 |a ger 
044 |a DE 
245 1 0 |a Wie liest man den Handelsteil einer Tageszeitung?  |c Ernst Kahn 
264 1 |a Frankfurt  |b Frankfurter Societäts-Druckerei  |c 1930